000 00317nam a2200109Ia 4500
008 200302s9999 xx 000 0 und d
100 _aJames L.Mcelhinney
245 _aThe Visual Language Of Drawing : Lessons On The Art Of Seeing
260 _bSterling Publishing Co. Inc., New York
260 _c2012
300 _a196 P
999 _c4937
_d4937